Discourse on the origin and the foundations of inequality among men/ (Record no. 12107)

MARC details
000 -LEADER
fixed length control field 00790 a2200205 4500
010 ## - LIBRARY OF CONGRESS CONTROL NUMBER
LC control number ENG-90094
020 ## - INTERNATIONAL STANDARD BOOK NUMBER
Terms of availability 470.00
International Standard Book Number 8182201365
035 ## - SYSTEM CONTROL NUMBER
System control number EN-73627
037 ## - SOURCE OF ACQUISITION
Source of stock number/acquisition DBAD / PUB
082 14 - DEWEY DECIMAL CLASSIFICATION NUMBER
Classification number 320.11
090 ## - LOCALLY ASSIGNED LC-TYPE CALL NUMBER (OCLC); LOCAL CALL NUMBER (OCLC)
-- 12464
-- 12464
100 1# - MAIN ENTRY--PERSONAL NAME
Personal name Rousseau, Jean Jacques
245 1# - TITLE STATEMENT
Title Discourse on the origin and the foundations of inequality among men/
Statement of responsibility, etc by Jean Jacques Rousseau; edited by N. K. Singh
260 ## - PUBLICATION, DISTRIBUTION, ETC. (IMPRINT)
Place of publication, distribution, etc New Delhi
Name of publisher, distributor, etc Global Vision Publishing House
Date of publication, distribution, etc 2006
270 ## - ADDRESS
Address F-4, 1st Floor, `Hari Sadan' 20, Ansari Road, Daryaganj,
City New Delhi
Postal code 110 002
State or province Delhi
Telephone number 32971125,
300 ## - PHYSICAL DESCRIPTION
Extent vi, 181p.
Dimensions 23 cm ( Hb)
500 ## - GENERAL NOTE
General note Includes index.
942 ## - ADDED ENTRY ELEMENTS (KOHA)
Institution code [OBSOLETE] dpl
Koha item type English Books
Call number prefix 320.11 / ROU
Holdings
Withdrawn status Lost status Source of classification or shelving scheme Damaged status Not for loan Collection code Home library Current library Source of acquisition Cost, normal purchase price Total Checkouts Full call number Barcode Date last seen Copy number Uniform Resource Identifier Cost, replacement price Price effective from Koha item type
    Dewey Decimal Classification   Not For Loan Non-fiction D.B.Act.Division D.B.Act.Division DBAD/PUB 470.00   320.11 ROU EN-73627 15/09/2008 1 13263 470.00 15/09/2008 English Books

© Delhi Public Library
Hit Counter
free hit counter